000 00399 a2200157 4500
003 Nust
005 20230202144004.0
040 _cNust
082 _a923.14,MAC
100 _aCompaton Mackenzie
_9108558
245 _aThe Windsor Tapestry /
_cCompton Mackenzie
260 _aLondon
_bRich and Cowan
_c1938
300 _a584
650 _aThe windsor Tapestry
_9108559
942 _2ddc
_cBK
_k923.14,MAC
999 _c186972
_d186972